APROXIMACIONES A LA PSICOTERAPIA : (Registro nro. 13366)
[ vista simple ]
| 000 -LEADER | |
|---|---|
| fixed length control field | 00580nam a2200193 a 4500 |
| 001 - CONTROL NUMBER | |
| control field | 13366 |
| 005 - DATE AND TIME OF LATEST TRANSACTION | |
| control field | 20180713201731.0 |
| 008 - FIXED-LENGTH DATA ELEMENTS--GENERAL INFORMATION | |
| fixed length control field | 140415s1993 sp 000 0 spa d |
| 041 ## - LANGUAGE CODE | |
| Language code of text/sound track or separate title | spa |
| 082 ## - DEWEY DECIMAL CLASSIFICATION NUMBER | |
| Classification number | 616.8914 |
| Item number | FEI |
| 100 1# - MAIN ENTRY--PERSONAL NAME | |
| Personal name | FEIXAZ, GUILLEM |
| 245 10 - TITLE STATEMENT | |
| Title | APROXIMACIONES A LA PSICOTERAPIA : |
| Remainder of title | UNA INTRODUCCION A LOS TRATAMIENTOS PSICOLOGICOS |
| 250 ## - EDITION STATEMENT | |
| Edition statement | 1a ed. |
| 260 ## - PUBLICATION, DISTRIBUTION, ETC. | |
| Place of publication, distribution, etc. | ESPAÑA : |
| Name of publisher, distributor, etc. | PAIDOS, |
| Date of publication, distribution, etc. | 1993 |
| 300 ## - PHYSICAL DESCRIPTION | |
| Extent | 416 |
| 490 ## - SERIES STATEMENT | |
| Series statement | BIBLIOTECA DE PSIQUIATRIA, PSICOPATOLOGIA Y PSIC.. |
| 650 14 - SUBJECT ADDED ENTRY--TOPICAL TERM | |
| Topical term or geographic name entry element | PSICOTERAPIA |
| 700 1# - ADDED ENTRY--PERSONAL NAME | |
| Personal name | MIRO, MA. TERESA |
| Relator term | coaut. |
| Withdrawn status | Lost status | Source of classification or shelving scheme | Damaged status | Not for loan | Collection code | Home library | Current library | Shelving location | Date acquired | Source of acquisition | Inventory number | Total Checkouts | Total Renewals | Full call number | Barcode | Date last seen | Date last checked out | Price effective from | Koha item type |
|---|---|---|---|---|---|---|---|---|---|---|---|---|---|---|---|---|---|---|---|
| Dewey Decimal Classification | General | Biblioteca Karol Wojtyla | Biblioteca Karol Wojtyla | Sala general | 03/12/2013 | Compra | 151000000000000000008302 | 1 | 1 | 616.8914 FEI | 30160 | 05/12/2022 | 04/11/2022 | 03/12/2013 | Libro |